Представление документа в формате RUSMARC

ПолеНазваниеЗначение
  Тип записи a
  Библиографический уровень a
001 Контрольный номер RU/CBS_UL/BASE/5de25b70845741cdbf46f6b84f757d1b
005 Дата корректировки 20240228160645.3
100 Данные общей обработки __
a Данные общей обработки 20240228 ||| 0rusy0189 ca
101 Язык документа 0_
a Язык текста rus
102 Страна публикации __
a Страна публикации RU
200 Заглавие и сведения об ответственности 1_
a Заглавие Чтение с увлечением
e Сведения, относящиеся к заглавию [речевое развитие дошкольников, подготовка детей к школе]
f Первые сведения об ответственности Е. Сенкова
300 Общие примечания __
a Общие примечания 0+
461 Уровень набора _0
1 2000
a Дошкольная педагогика
463 Уровень физической единицы _0
1 2000
a № 9
v С. 9-10
1 2101
d 2023
1 001RU/CBS_UL/BASE/1779d54fbb2e480b988d4f3977c4360a
606 Тематические рубрики 0_
a Основная рубрика Дошкольное воспитание - Обучение чтению
610 Ключевые слова 0_
a Ключевые слова дошкольное воспитание
610 Ключевые слова 0_
a Ключевые слова дошкольная педагогика
610 Ключевые слова 0_
a Ключевые слова речевое развитие дошкольников
610 Ключевые слова 0_
a Ключевые слова обучение чтению дошкольников
610 Ключевые слова 0_
a Ключевые слова подготовка детей к школе
686 Индексы других классификаций __
2 Код системы rubbk
a Классификационный индекс 74.102
700 Автор _1
a Фамилия Сенкова
b Имя (инициалы) Е.
801 Источник записи _0
a Страна RU
b Организация МБУК ЦБС г. Ульяновска
c Дата составления 20240228
g Правила каталогизации RCR
801 Источник записи _1
a Страна RU
b Организация МБУК ЦБС г. Ульяновска
c Дата составления 20240228
g Правила каталогизации RCR
901 Тип документа __
t Тип документа b
w Контрольный № источника RU/CBS_UL/BASE/1779d54fbb2e480b988d4f3977c4360a
909 Создатель записи __
a Создатель записи oibd1